000 00711nam a22002297a 4500
003 0
005 20240822155327.0
008 240822b xxu||||| |||| 00| 0 eng d
020 _a978-0-257-65811-6
050 _aBF 319
_b.C53 2023
100 _aChance, Paul
245 _aLearning and behavior
_cPaul Chance and Ellen Furlong
250 _aEight edition
260 _aBoston, Massachusetts
_bCengage
_c2023
300 _axvii, 472 pages :
_bcolored illustrations and pictures ;
_c25cm.
504 _aIncludes bibliographical references and index.
650 _aConditional response.
650 _aLearning, psychology.
650 _anature & nurture.
650 _aLearning.
942 _2lcc
_cBK
999 _c366152
_d366152